00530nam a2200193 a 4500001001300000003000900013005001700022008004100039020001000080082002100090100002500111245006500136260003900201300000900240500003500249505001000284650001700294700002500311nice12345678IN_TiNIC20260116011613.0050524s1925 mysa grp 000 0 eng  ac10000a305.4095414bURQ aUrquhart M, Margaret aWomen of Bengalb Study of the Hindu Paranasins of Calcutta. aMysorebWesley Mission Pressc1925 a165p aincludes index and biblioraphy2 aIndex aWomen-Bengal1 aUrquhart M, Margaret